000 00392nam a22001697a 4500
005 20180618121541.0
008 160601b xxu||||| |||| 00| 0 eng d
020 _a81-297-0252-5
041 _aeng
082 _b6732
_a658
100 _aStoner, James A.F. and others
_91635
245 _aManagement
260 _bPearsons
_c2004
300 _a635
650 _aManagement
_9241
942 _cBK
999 _c2343
_d2342